| 000 | 00874nam a2200205 i 4500 | ||
|---|---|---|---|
| 001 | 53653 | ||
| 003 | ES-MaACL | ||
| 005 | 20250730153544.0 | ||
| 007 | t| | ||
| 008 | 960708s1893 sp ||||1| spa d | ||
| 040 |
_aCAM _bspa _cCAM |
||
| 100 | 1 |
_aFernández Arias, Evaristo. _949476 |
|
| 245 | 1 | 0 |
_aParalelo entre la conquista y dominación de América y el descubrimiento y pacificaión de Filipinas / _cpor ... Evaristo Fernández Arias; memoria laureada en el certamen celebrado en la capital de Filipinas ... |
| 260 |
_aMadrid : _ba cargo de W. E. Retana, _c1893 ( _fen la imprenta de la viuda de M. Minuesa de los Rios) |
||
| 300 |
_a62, [1] p. ; _c21 cm. |
||
| 651 | 4 |
_aAmérica española- _xHistoria- _y1492-1600 (Descubrimiento y conquista) _97724 |
|
| 651 | 4 |
_aFilipinas- _xHistoria- _y1521-1812. _98659 |
|
| 852 |
_aES-MaACL _jT-714-F-6 |
||
| 999 |
_c53653 _d53653 |
||